MDQL
is popping MORE tags! Check the
thread
!
Quizzes
Events
Quiz Creation
Community
Videos
Private Events
Remove Ads
Sign In
Join for FREE
Feedback
Dark Mode
Quiz Categories
Sports
Geography
Music
Movies
Television
Just For Fun
Miscellaneous
History
Literature
Language
Science
Gaming
Entertainment
Religion
Holiday
For Kids
Quiz Lab
Recent
Popular Today
Quiz Kudos Today
Editor Picks
Curator Picks
Quizzes by...
Day
Popularity
Type
Ratings
Length
Year
Community
Subscriptions
Recent Discussions
Orange Saloon
Badges
Playlists
Quests
Create
Leaderboards
Showdown
Live 5
Trivia Bingo
Activity
Puzzle Library
Sporcle Events
Private Events
Virtual Trivia
Globe League
Become a Host
Pub Owners
SporcleCon
Opinionation
Our Games
Videos
Blog
Mobile Apps
Partnerships
Remove Ads and Go Orange
Feedback
Entertainment
Celebrity
Famous
Musical
Broadway
Show
Quote
Comic Books
Anime
Superhero
DC Comics
Marvel
Cartoons
Animation
Entertainment
Celebrity
Famous
Musical
Broadway
Show
Quote
Comic Books
Anime
Superhero
DC Comics
Marvel
Cartoons
Animation
Random Quiz
Search Sporcle
×
Quiz Lab
Quiz Lab
Entertainment
Celebrity
Type in answers that appear in a list
Type in answers that appear in a list
Classic
Best Score? Go Orange.
Celebrity Tattoos Stats
Can you name the Celebrity Tattoos?
By
EXTREMEkiwi
10m
15 Questions
543 Plays
543 Plays
543 Plays
Comments
Comments
Give Quiz Kudos
Give Quiz Kudos
-
- Ratings
hide this ad
More Info
Replay
Link that replays current quiz
Next Quiz
Link to next quiz in quiz playlist
You Got
0%
They Got
Avg Score
34%
Avg Friend Score
Upgrade to see
Score Distribution
Jump to the score distribution portion of the page
Score
0/15
Timer
10:00
0
Plays Today
Celebrity
% Correct
Angelina Jolie
79.6%
50 Cent
64.3%
Rihanna
61.9%
Tupac
47.9%
Eve
46.2%
Johnny Depp
44.6%
Megan Fox
43.3%
David Beckham
41.6%
Celebrity
% Correct
Pink
23.6%
Lil Wayne
19.3%
Lady Gaga
16%
Alyssa Milano
11.8%
Christina Ricci
8.7%
Maino
7.6%
Jamie Foxx
6.8%
Quiz Playlist
Details
Report
Send in Message
Add To Playlist
More Info:
name the celebrities by a picture of their tattoos
Classic:
Type in answers that appear in a list
Last Updated: Feb 16, 2017
Quiz Scoreboard
CHALLENGE
Sign Up to Join the Scoreboard
Show All
Scores
Hide
Comments
May contain spoilers
Recently Published
Colored Red Africa Blitz
by spor1
Geography
30s
Find the 'City' Movie
by crazypaving
Movies
60s
5x2 Blitz: Bands
by SL_Kpop136
Music
30s
More to Explore
Quiz From the Vault
Featured Blog Post
14 Easter Pick-up Lines to Find Eggs With
hide this ad
You Might Also Like...
Tags
Celebrity Quiz
tattoo
Today's Top Quizzes in Entertainment
Browse Entertainment
hide this ad
Today's Top Quizzes in Celebrity
Browse Celebrity
Top Contributed Quizzes in Entertainment
1
7-to-1: DC Comics Villains
2
Marvel Characters Bunker
3
The Beatles on The Simpsons
4
Dragon Ball Z: Goku's Fights in Order
5
Eurovision 2023 Logic Puzzle
6
Sorting Pictures: Villains
7
Criteria Quickie: Cartoon Taxonomy II
8
7-to-1: One Piece
9
Mini Trivia Sudoku: Musicals
10
Fictional Villains Letter U Blitz
Explore More
Trending Topics
Harry Potter
Marvel
Anime
Kpop
Crossword
Disney
NBA
Country
Soccer
Pokémon
Puzzle
Song
WWE
The Office
NFL
hide this ad
More By:
EXTREMEkiwi
Quiz
Plays
Rating
Category
Featured
Created
Random Movie Lines III
1,450
3.11
Movies
Jan 24, 2010
Wizards of Waverly Place
1,262
Television
Mar 22, 2010
True Blood Characters
620
4.00
Television
Jan 31, 2010
Celebrity Tattoos
543
1.00
Entertainment
Jan 25, 2010
Random Movie Lines
435
Movies
Jan 23, 2010
Go to Creator's Profile
Score Distribution
Quiz Creator Spotlight
EXTREMEkiwi
Follow
Send a Message
Quizzes Created
-
Created Quiz Play Count
-
More By This Creator
Popular Quizzes Today
1
5x2 Blitz: Bands
2
Find the 'City' Movie
3
Find the US States - No Outlines Minefield
4
Colored Red Africa Blitz
5
The Countries of the World
6
Find the US States
7
9x9 Crossword: Cartoon Network
8
Risky Map Clicking: Biggest States A-Z
More Entertainment Quizzes
Haikyuu Characters II
Quiz Lab
Trending Quizzes
Colored Red Africa Blitz II
Colored Red Europe Blitz I
Find the 'Dark' Movie
Find the 'Day' Movie
Find the 'Good' Movie
Recently Updated
Champions League XIs: Real Madrid
pecheneg
Largest US Cities 1790-2010
pecheneg
Rides in Walt Disney World
pecheneg
Most Oscar Losses (Acting)
pecheneg
Beyoncé Albums
pecheneg
Leaping Animals
pecheneg
Reality TV Shows (A-Z)
bhenderson79
Rickey Henderson's Hall of Fame Teammates
pecheneg
Champions League XIs: Arsenal
pecheneg
Quick Pick: Celebrities in WWE's Hall of Fame
aduchscher
Trending Topics
NBA
Harry Potter
Crossword
Disney
Anime
Marvel
Kpop
Puzzle
Country
Soccer
WWE
The Office
NFL
Song
Pokémon
Your Account Isn't Verified!
In order to create a playlist on Sporcle, you need to verify the email address you used during registration. Go to your
Sporcle Settings
to finish the process.
Report this User
Report this user for behavior that violates our
Community Guidelines
.
Details:
Send Report
Go to the Sporcle.com Mobile Site →
Comments